000 00732nam a2200181Ia 4500
008 151018s9999 xx 000 0 und d
082 _bRBASDV30571
_a891.464
100 _aवसंतराव देवरे
245 _aअखिल भारतीय मराठी साहित्य
250 _b1
260 _bसुमंगल पब्लिकेशन कंपनी मुंबई
_c1999
300 _a208
600 _aवसंतराव देवरे
630 _aअखिल भारतीय मराठी साहित्य
700 _aवसंतराव देवरे
730 _aअखिल भारतीय मराठी साहित्य
942 _cBOOK
999 _c1030104
_d1030101